000 01385nam a2200349 c 4500
001 9325
003 ES-MaCES
005 20141221122014.0
008 990907s1999 sp d s o000 | spa d
017 _aM 29135-1999
_bDL
024 7 _a201-99-055-3
_2nipo
035 _aCES19990012654m
040 _aES-MaCES
_bspa
_cES-MaCES
245 0 0 _aEstadística de convenios colectivos de trabajo 1997-1998 (avance)
_cMinisterio de Trabajo y Asuntos Sociales, Subdirección General de Estadísticas Sociales y Laborales
260 _aMadrid
_bMinisterio de Trabajo y Asuntos Sociales, Subdirección General de Publicaciones
_c[1999]
300 _a114 p.
_bgráf.
_c30 cm
541 _cGratuito
650 4 _aconvenio colectivo
_928361
650 4 _acondiciones de trabajo
_928327
650 4 _aempresa privada
_927145
650 4 _aempresa pública
_927148
650 4 _aEspaña
_926964
650 4 _a1997-1998
_930976
650 4 _adatos estadísticos
_930765
653 1 0 _aEstadísticas económico-sociales
710 1 _aEspaña
_bMinisterio de Trabajo y Asuntos Sociales
_93273
787 0 _tEstadística de convenios colectivos de trabajo 1998-1999 (avance)
_w(ES-MaCES)10963
787 0 _tEstadística de convenios colectivos de trabajo 1996-1997 (avance)
_w(ES-MaCES)8459
902 _aLIB Libro
942 _2CES
_cBK
_h8.2.
999 _c9325
_d9325